|
|
|
|
| LEADER |
00000nam0a2200000 4500 |
| 001 |
194570 |
| 005 |
20231101224549.0 |
| 010 |
|
|
|a 9785986721798
|
| 010 |
|
|
|a 978-5--7418-0624-1
|
| 035 |
|
|
|a (RuTPU)RU\TPU\book\212208
|
| 035 |
|
|
|a RU\TPU\book\127001
|
| 090 |
|
|
|a 194570
|
| 100 |
|
|
|a 20070601d2010 m y0rusy50 ca
|
| 101 |
0 |
|
|a rus
|
| 102 |
|
|
|a RU
|
| 105 |
|
|
|a a j 001zy
|
| 200 |
1 |
|
|a Геодезия и маркшейдерия
|e учебник для вузов
|f под ред. В. Н. Попова, В. А. Букринского
|
| 205 |
|
|
|a 3-е изд.
|
| 210 |
|
|
|a Москва
|c Изд-во МГГУ
|c Горная книга
|d 2010
|
| 215 |
|
|
|a 453 с.
|c ил.
|
| 225 |
1 |
|
|a Горное образование
|
| 320 |
|
|
|a Библиогр.: с. 447-448.
|
| 330 |
|
|
|a Изложены теоретические основы геодезии и маркшейдерии, обобщен опыт производства работ при проектировании, строительстве и эксплуатации горно-рудных предприятий, наземных и подземных сооружений различного назначения. Рассмотрены особенности создания геодезических и маркшейдерских сетей, методы геодезических и маркшейдерских съемок с описанием приборов для измерения угловых и линейных величин на местности и в выработках. Приведены методы геометризации и подсчета запасов месторождений полезных ископаемых, сведения о сдвижении горных пород и земной поверхности под влиянием горных выработок и охране сооружений от их вредного воздействия, об устойчивости бортов карьеров и отвалов. Для студентов высших учебных заведений, обучающихся по специальностям «Физические процессы горного или нефтегазового производства», «Подземная разработка месторождений полезных ископаемых», «Шахтное и подземное строительство», «Открытые горные работы», «Взрывное дело» направления подготовки дипломированных специалистов «Горное дело».
|
| 451 |
|
1 |
|0 (RuTPU)RU\TPU\book\127001
|y 978-5-98672-045-6
|t Геодезия и маркшейдерия
|o учебник для вузов
|f под ред. В. Н. Попова, В. А. Букринского
|e 2-е изд., стер.
|c М.
|n Изд-во Московского гос. горного ун-та
|d 2007
|p 453 с.
|s Высшее горное образование
|
| 451 |
|
|
|y 978-5--7418-0465-0
|
| 606 |
1 |
|
|a Геодезия
|2 stltpush
|3 (RuTPU)RU\TPU\subj\6015
|9 33982
|
| 606 |
1 |
|
|a Маркшейдерское дело
|2 stltpush
|3 (RuTPU)RU\TPU\subj\41067
|9 60885
|
| 610 |
1 |
|
|a горное дело
|
| 610 |
1 |
|
|a маркшейдерия
|
| 610 |
1 |
|
|a геодезические сети
|
| 610 |
1 |
|
|a углы
|
| 610 |
1 |
|
|a линии
|
| 610 |
1 |
|
|a измерение
|
| 610 |
1 |
|
|a нивелирование
|
| 610 |
1 |
|
|a топографические чертежи
|
| 610 |
1 |
|
|a геометрия недр
|
| 610 |
1 |
|
|a запасы
|
| 610 |
1 |
|
|a подземные сооружения
|
| 610 |
1 |
|
|a открытые разработки
|
| 610 |
1 |
|
|a сдвижение
|
| 610 |
1 |
|
|a карьеры
|
| 610 |
1 |
|
|a отвалы
|
| 610 |
1 |
|
|a устойчивость
|
| 610 |
1 |
|
|a учебники
|
| 675 |
|
|
|a 528(075.8)
|v 3
|
| 675 |
|
|
|a 622.1(075.8)
|v 3
|
| 702 |
|
1 |
|a Попов
|b В. Н.
|g Владислав Николаевич
|4 340
|
| 702 |
|
1 |
|a Букринский
|b В. А.
|g Виктор Александрович
|4 340
|
| 801 |
|
1 |
|a RU
|b 63413507
|c 20110418
|
| 801 |
|
2 |
|a RU
|b 63413507
|c 20201117
|g RCR
|
| 900 |
|
|
|a Геодезия и маркшейдерия
|
| 942 |
|
|
|c BK
|
| 952 |
|
|
|b 130000
|
| 959 |
|
|
|a 41/20110418
|d 2
|e 750,00
|f ЧЗТЛ:1
|f АНЛ:1
|